| 000 | 00742nam a2200253Ia 4500 | ||
|---|---|---|---|
| 003 | OSt | ||
| 005 | 20220925223253.0 | ||
| 006 | a|||||r|||| 00| 0 | ||
| 007 | ta | ||
| 008 | 220923b |||||||| |||| 00| 0 eng d | ||
| 020 | _a0415046696 | ||
| 037 | _cGeneral Book | ||
| 040 |
_aRTL _cRTL _beng |
||
| 041 |
_2eng _aeng |
||
| 082 | _aY2:3(X).31.N8, N0 | ||
| 100 |
_aWheelock Jane _9289346 |
||
| 245 | 0 |
_aHusbands at home _bThe doemstic economy in a psot-industrial society |
|
| 260 |
_aLondon _bRoutledge _c1990 |
||
| 300 |
_ax,178p _ccm. |
||
| 500 | _aBibliography: p 168-73 | ||
| 650 |
_aMarraige and Kinship _9239327 |
||
| 942 |
_hY2:3(X).31.N8, N0 _cGB _2CC |
||
| 999 |
_c579116 _d579116 |
||